000 01327nam0a22003011 4500
001 rc\4541934
005 20260408005219.0
021 _aRU
_bРг1948-69
035 _a(NLR Aleph) 008360859
090 _a8997205
_c8997205
100 _a20130416d1968 |||y0rusy50 ca
101 0 _arus
102 _aRU
105 _ay ac |||||
200 1 _aКачество промышленной продукции
_eИнформ. библиогр. указатель [отечеств. и иностр. литературы за 1961-1968 гг.]
_f[ЦНИИТЭИС]. Центр. науч.-исслед. ин-т информации и техн.-экон. исследований. ЦОСИФ
210 _aЛенинград
_cБ. и.
_d1968
215 _a70 с.
_d21
300 _aВ вып. дан. сост.: Леводянская Т.С., Герцекова Л.М.
300 _aОтпеч. множит. аппаратом
702 1 _aЛеводянская
_bТ.С.
_4220
702 1 _aГерцекова
_bЛ.И.
_4220
712 0 2 _aЦНИИ информации и технико-экономических исследований
_cМосква
_3RU\NLR\AUTH\8810170068
_9835970
801 0 _aRU
_bNLR
_gpsbo
801 1 _aRU
_bELAR
_2rusmarc
852 _aNLR
_jс749-410/К-30
942 _cBOOK
980 _aNB